| 000 | 00663nam a2200169 4500 | ||
|---|---|---|---|
| 001 | 116365 | ||
| 003 | ES-MaACL | ||
| 005 | 20230906190707.0 | ||
| 007 | t| | ||
| 008 | 061121s1978 sp r ||||1| spa d | ||
| 100 | 1 |
_aOssorio Acevedo, Francisco Antonio. _987798 |
|
| 245 | 1 | 3 |
_aEl juego del palo canario, según los Verga _b: la esperanza Tenerife / _ctextos de Francisco Antonio Ossorio Acevedo ; con fotografías de Francisco Javier Mangas Falcón. |
| 260 |
_aSanta Cruz de Tenerife : _b[s.n.], _c1978 ( _fTall. Ideas EYA) |
||
| 300 |
_a80 h., 74 lám. ; _c22 cm. |
||
| 700 | 1 |
_aMangas Falcón, Francisco Javier. _976004 |
|
| 852 |
_aES-MaACL _jA-9473 _bR.98003 |
||
| 999 |
_c116365 _d116365 |
||